| 000 | 00402nam a2200169Ia 4500 | ||
|---|---|---|---|
| 008 | 230711s9999||||xx |||||||||||||| ||und|| | ||
| 020 | _a978-81-88458-45-5 | ||
| 041 | _aENG | ||
| 082 |
_a530.141 _bGO-E |
||
| 100 | _aGowri,R | ||
| 245 | 0 | _aElectromagnetic fields and waves | |
| 250 | _a3rd Ed. | ||
| 260 |
_c2006 _aNew Delhi _bS.K Kataria & Sons |
||
| 300 | _a555 | ||
| 650 | _aPhysics | ||
| 942 | _cBK | ||
| 999 |
_c5189 _d5189 |
||